24 heures dans l'Egypte ancienne /

Saved in:

Main Author: Ryan, Donald P. (Author)

Format: Book

Language: French

Published: Paris : Payot, 2019.

Subjects:

Tags: Add Tag

No Tags, Be the first to tag this record!

Call Number: On Hold

LEADER 00707nam a22002417a 4500
003 OSt
005 20260511125140.0
008 260511t2019 fr a g b 000 0 fre d
020 |a 9782228925242 
043 |a f-ua--- 
050 1 4 |a On Hold 
100 1 |a Ryan, Donald P.,  |e author. 
245 1 0 |a 24 heures dans l'Egypte ancienne /  |c Donald P. Ryan. 
246 3 |a Twenty four heures dans l'Egypte ancienne  
264 1 1 |a Paris :  |b Payot,  |c 2019. 
300 |a 278 Page :  |b illustrations ;   |c 24 cm. 
336 |a text  |b txt  |2 rdacontent 
337 |a unmediated  |b n  |2 rdamedia 
338 |a volume  |b nc  |2 rdacarrier 
651 0 |a Egypt  |x Civilization 
651 0 |a Egypt  |x Antiquities. 
942 |2 lcc  |c BK 
999 |c 31114  |d 31114